00805nam a2200205 4500001000700000003000900007007000300016008004100019100003400060245011300094260004000207300002200247490004700269700002700316700003100343830005500374852003100429999001900460952012000479127236ES-MaACLt|070214s1954 fr r ||||1| fre d1 aReynaud, Pierre Louis.99662013aLa psychologie économique / cpar Pierre Louis Reynaud ; observations de George Katona, Albert Lauterbach. aParis : bMarcel Rivière, c1954. a260 p. ; c22 cm.1 aBilans de la connaissance economique ; v41 aKatona, George.9676231 aLauterbach, Albert.9706620 aBilans de la connaissance economique ; v49185393 aES-MaACLjC-9124 bR.37284 c127236d127236 00104070aATENEOMbATENEOMcSPALd2008-01-17eSCl0oC-9124p1132525r2023-02-23 00:00:00w2023-02-23yMONOGRAFIA